| 000 | 00482nam a2200169 4500 | ||
|---|---|---|---|
| 003 | SEACOMMC | ||
| 005 | 20250419134209.0 | ||
| 008 | 240926b |||||||| |||| 00| 0 eng d | ||
| 020 |
_a 978-81-2591-449-5 _cRs.240.00 |
||
| 040 | _aSEACOMMC | ||
| 082 |
_a658.8 _bG 713 |
||
| 100 | _a Gaur, Sanjay Singh | ||
| 245 | 1 |
_aEvent Marketing and Management _cSanjay Singh Gaur and Sanjay V Saggere |
|
| 260 |
_aNew Delhi _bVikas Publishing House _c2003 |
||
| 650 | _aManagement | ||
| 942 | _cBOOK | ||
| 999 |
_c604 _d604 |
||